[Event "Titled Tuesday intern op 6th Aug"]
[Site "Chess.com INT"]
[Date "2019.08.06"]
[Round "7"]
[White "Noe, Christopher"]
[Black "Molaei, Mohammadamin"]
[Result "1-0"]
[WhiteElo "2530"]
[BlackElo "2348"]
[PlyCount "81"]
[EventDate "2019.08.06"]
[EventType "swiss (blitz)"]
[EventRounds "10"]
[EventCountry "USA"]
[SourceTitle "EXT 2021"]
[Source "ChessBase"]
[SourceDate "2020.10.23"]
[SourceVersion "1"]
[SourceVersionDate "2020.10.23"]
[SourceQuality "1"]

1. d4 Nf6 2. c4 e6 3. Nc3 d5 4. Nf3 Be7 5. Bg5 0-0 6. e3 c6 7. Rc1 h6 8. Bh4 Nbd7 9. Bd3 b6 10. 0-0 Bb7 11. h3 Rc8 12. cxd5 exd5 13. Bg3 c5 14. dxc5 Nxc5 15. Nd4 Nfe4 16. Bf4 Bf6 17. Bb5 Nxc3 18. Rxc3 Ne4 19. Rxc8 Qxc8 20. Qa4 Rd8 21. Qxa7 g5 22. Bh2 Bxd4 23. exd4 Bc6 24. Rc1 Qf5 25. Bxc6 Qxf2+ 26. Kh1 Qe3 27. Rf1 Nf2+ 28. Rxf2 Qxf2 29. Qc7 Qf6 30. Be5 Qf1+ 31. Kh2 Rf8 32. Bxd5 Qf5 33. Qxb6 Kh7 34. Qb7 Kg8 35. a4 h5 36. a5 g4 37. Be4 Qe6 38. Qc6 gxh3 39. Qxe6 fxe6 40. Kxh3 Rf2 41. a6 1-0

[Event "Titled Tuesday intern op 6th Aug"]
[Site "Chess.com INT"]
[Date "2019.08.06"]
[Round "5"]
[White "Rasulov, Vugar Ural Oglu"]
[Black "Molaei, Mohammadamin"]
[Result "1-0"]
[WhiteElo "2523"]
[BlackElo "2348"]
[PlyCount "41"]
[EventDate "2019.08.06"]
[EventType "swiss (blitz)"]
[EventRounds "10"]
[EventCountry "USA"]
[SourceTitle "EXT 2021"]
[Source "ChessBase"]
[SourceDate "2020.10.23"]
[SourceVersion "1"]
[SourceVersionDate "2020.10.23"]
[SourceQuality "1"]

1. d4 e6 2. e4 b6 3. Nf3 Bb7 4. Bd3 Nf6 5. Nbd2 c5 6. 0-0 cxd4 7. Nxd4 Nc6 8. Nb5 d6 9. Nc4 a6 10. Nc3 Be7 11. Bf4 Nd7 12. Nxd6+ Bxd6 13. Bxd6 Nc5 14. e5 Qd7 15. Qg4 g6 16. Rad1 0-0-0 17. Bxc5 bxc5 18. Bxa6 Nd4 19. Bxb7+ Qxb7 20. Qe4 Qxb2 21. Rb1 1-0